000 00671nam a2200265Ia 4500
005 20260121170235.0
008 008 260114s9999 xx 000 0 eng d
020 _a9783319685694
037 _aEBOOK
040 _aCRL
040 _beng
040 _cCRL
041 _2eng
041 _aeng
084 _qCRL
100 _aRichard Ned Lebow
_91061488
245 4 _aThe Politics and Business of Self-Interest from Tocqueville to Trump
260 _bSpringer
260 _bSpringer
260 _c2018
856 _uhttps://link.springer.com/openurl?genre=book&isbn=978-3-319-68569-4
942 _cEBOOK
999 _c1627217
_d1627217